|
|
|
|
| LEADER |
01173nam a2200313 a 4500 |
| 001 |
14760996 |
| 008 |
120527s2008 caua b 001 0 eng |
| 010 |
|
|
|a 2007009895
|
| 020 |
|
|
|a 9781412937474 (cloth)
|
| 020 |
|
|
|a 1412937477 (cloth)
|
| 020 |
|
|
|a 9781412937481 (pbk.)
|
| 020 |
|
|
|a 1412937485 (pbk.)
|
| 040 |
|
|
|a DLC
|c DLC
|d BAKER
|d BTCTA
|d C#P
|d YDXCP
|d DLC
|d BD-DhAAL
|
| 050 |
0 |
0 |
|a HQ728
|b .W52 2008
|
| 082 |
0 |
0 |
|a 306.8501
|2 22
|
| 100 |
1 |
|
|a White, James M.,
|d 1946-
|
| 245 |
1 |
0 |
|a Family theories /
|c James M. White, David M. Klein.
|
| 250 |
|
|
|a 3rd ed.
|
| 260 |
|
|
|a Los Angeles :
|b Sage Publications,
|c c2008.
|
| 300 |
|
|
|a xiii, 333 p. :
|b ill. ;
|c 23 cm.
|
| 504 |
|
|
|a Includes bibliographical references (p. 289-312) and index.
|
| 541 |
|
|
|e 00025294
|
| 650 |
|
0 |
|a Families
|x Research.
|
| 650 |
|
0 |
|a Sociology
|x Methodology.
|
| 650 |
|
0 |
|a Sociology
|x Philosophy.
|
| 700 |
1 |
|
|a Klein, David M.,
|d 1943-
|
| 852 |
1 |
|
|a Ayesha Abed Library
|c General shelf.
|
| 999 |
|
|
|c 12271
|d 12271
|
| 952 |
|
|
|0 0
|1 0
|2 ddc
|4 0
|6 306_850100000000000_WHI
|7 0
|9 20321
|a BRACUL
|b BRACUL
|c GEN
|d 2012-05-28
|e karim International
|g 4225.00
|l 1
|o 306.8501 WHI
|p 3010025294
|r 2017-12-05
|s 2017-11-28
|t 1
|w 2012-05-28
|y BK
|